Czech Republic: True or False? (Short) - Statistics

General Stats
  • This quiz has been taken 510 times
  • The average score is 8 of 10
Answer Stats
Fact Answer % Correct
Czechia was originally Bohemia and Moravia. True
98%
Czech citizens are the highest consumers of beer in the world. True
98%
Czechia is not a member of NATO or the EU. False
97%
Czechia is the second richest European country. True
90%
The Charles University is the youngest college in Czechia. False
88%
Czechia is completely surrounded by mountains. False
83%
The most popular sport in Czechia is ice hockey. True
82%
Czechia has an ocean coastline of over fifty km. False
75%
Czechia has a parliamentary democracy government. True
71%
The currency of Czechia is the Koruna. True
67%
No matching quizzes found
Score Distribution
Percent of People with Each Score
Percentile by Number Answered
Your Score History
You have not taken this quiz